Nba All time Steals Leaders - Statistics

General Stats
  • This quiz has been taken 23 times
  • The average score is 11 of 15
Answer Stats
Hint Answer % Correct
#4 Bulls Jordan
94%
#12 Jazz Malone
94%
#7 Bulls Pippen
94%
#1 Jazz Stockton
94%
#9 Cavs James
88%
#2 Nets Kidd
88%
#3 Clippers Paul
88%
#8 Blazers Drexler
82%
#14 76ers Iverson
82%
#5 Supersonics Payton
82%
#10 Rockets Hakeem
71%
#6 76ers Cheeks
59%
#13 hawks Blaylock
53%
#11 Spurs Robertson
41%
#15 Bulls Harper
29%
No matching quizzes found
Score Distribution
Percent of People with Each Score
Percentile by Number Answered
Your Score History
You have not taken this quiz